000 00581nam a22001937a 4500
005 20250515093153.0
008 250411b |||||||| |||| 00| 0 eng d
020 _a9789356489073
040 _cAL
041 _aEnglish
082 _223
_a351.1
_bSUBQ
100 _aL Venkata Subramaniam
_9210002
245 _aQuantum Nation
_b: Indias leap into the future
260 _aChennai
_bClever Fox Publishing
_c2024
300 _aiv,198 p.
_bPB
_c21.5x14 cm.
365 _aXWNY-1709943
_b₹232.75
_c
_d₹232.75
_f19-003-2025
650 _aQuantum Theory
_9208268
942 _2ddc
_cBK
999 _c234151
_d234151